| 000 | 01497nam0a22003491 4500 | ||
|---|---|---|---|
| 001 | RU\NLR\INFOCOMM_161\5000084349 | ||
| 005 | 20250613100223.0 | ||
| 035 | _a(NLR Aleph) 009333511 | ||
| 090 |
_a9468159 _c9468159 |
||
| 100 | _a20101015d1989 |||y0rusy50 ca | ||
| 101 | 0 |
_aeng _drus |
|
| 102 | _aRU | ||
| 105 | _ay ||||000|y | ||
| 200 | 1 |
_aOn the scattering of solitons at the interface of two sine-Gordon systems _eSubmitted to Intern. workshop "Solitons a. applications", Dubna, 1989 _fV. K. Fedyanin, V. Lisy |
|
| 210 |
_aДубна _cОбъед. ин-т ядер. исслед. _d1989 |
||
| 215 |
_a4 с. _d21 см |
||
| 225 | 1 |
_aОбъединенный институт ядерных исследований, Дубна _vЕ17-89-740 |
|
| 300 | _aНа 3-й с. обл.: О рассеянии солитонов на границе раздела двух систем синус-Гордона / Федянин В. К., Лисы В. | ||
| 300 | _aРез. на рус. яз. | ||
| 320 | _aБиблиогр.: с. 4 | ||
| 606 |
_aСолитоны (физ.) _xРассеяние _2nlr_sh1 |
||
| 606 |
_aУравнение "Sine-Gordon" _2nlr_sh1 |
||
| 686 |
_aВ311 _2rubbk |
||
| 700 | 1 |
_9z02790 _aFedjanin _bV. K. _gVladimir Konstantinovič _4070 |
|
| 701 | 1 |
_9z03790 _aLisý _bV. _4070 |
|
| 790 | 1 |
_9z02700 _aFedyanin _bV. K. _4070 |
|
| 790 | 1 |
_9z03701 _aLisy _bV. _4070 |
|
| 801 | 1 |
_aRU _bNLR _c20101015 |
|
| 801 | 0 |
_aRU _bNLR _gPSBO |
|
| 852 |
_aNLR _jФЗ01 Д-4/5705 |
||
| 942 | _cBOOK | ||
| 980 | _aNB | ||